000 00373cam a2200157ua 4500
041 _aeng
_h
082 _a828.09
_bORW/LR
100 _aOraedl, George.
245 _aCritical Essays /
_cGeorge oraedl.
_hTextual Documents
250 _a1 /
_b.
260 _aLendon :
_bSecker And Warbury ,
_c1960.
300 _a195 ; .
504 _a
942 _cBK
999 _c837
_d837